| 000 | 00427nam a2200169 a 4500 | ||
|---|---|---|---|
| 001 | 11791 | ||
| 005 | 20180713200007.0 | ||
| 008 | 140415s1992 mx 000 0 spa d | ||
| 041 | _aspa | ||
| 082 |
_a907.2 _bCHI |
||
| 100 | 1 | _aCHINCHINILLA PAWLING, PERLA | |
| 245 | 1 | 0 | _aPALAFOX Y AMERICA |
| 250 | _a1a ed. | ||
| 260 |
_aMEXICO : _bUIA, _c1992 |
||
| 300 | _a89 | ||
| 650 | 1 | 4 |
_aHISTORIOGRAFIA _xAMERICA LATINA |
| 999 |
_c11791 _d11791 |
||